000 00607nam a2200217Ii 4500
001 14874
003 CO-ViMGA
008 241108s9999||||xx |||||||||||||| ||und||
020 _a8422687348
040 _aCO-ViMGA
_bspa
_erda
_cCO-ViMGA
041 0 _aspa
084 _aN CAS10no
100 1 _aFina Casalderrey
_946880
245 1 0 _aNo te cases, papá!
264 1 _aMadrid, España : Círculo de Lectores, 1997
300 _avolumen
336 _atext
_btxt
_2rdacontent
337 _aunmediated
_bn
_2rdamedia
338 _avolume
_bnc
_2rdacarrier
940 _aidficha_siabuc: 14564. -- ficha_no_siabuc:14874
999 _c41455
_d41455